Teoría de la vanguardia.

Guardat en:
Dades bibliogràfiques
Autor principal: Bürger, Peter (autor)
Altres autors: Bartoletti, Tomás (traductor)
Format: Llibre
Idioma:espanyol
Publicat: Buenos Aires, Argentina: Las Cuarenta, 2009.
Edició:1a. edición.
Col·lecció:Mitma.,
Matèries:
Etiquetes: Afegir etiqueta
Sense etiquetes, Sigues el primer a etiquetar aquest registre!

MARC

LEADER 00000cam a2200000 a 4500
001 UCF1561
003 CL-VaPUC
005 20250221151106.0
008 120711t20090000AG |||||||||||||||||spa|d
999 |c 348288  |d 348286 
020 |a 9789871501205 
040 |c Pontificia Universidad Católica de Valparaíso 
082 7 |a 701.18 BUR 2009  |b    |2 22 
100 0 |a Bürger, Peter  |e autor  |9 563053 
245 1 0 |a Teoría de la vanguardia. 
250 |a 1a. edición. 
260 |a Buenos Aires, Argentina:   |b Las Cuarenta,   |c 2009. 
300 |a 143 páginas.  
490 0 |a Mitma.,   |n  11. 
583 |a last modification  |c 20120711 16:46:00  |k Rodrigo Vera 
650 0 |a Filosofía del arte  |9 264951 
650 0 |a Teoría del arte  |9 387638 
650 0 |a Movimientos de Vanguardia  |9 563054 
650 0 |a Futurismo  |9 265679 
650 0 |a Dadaismo  |9 265495 
650 0 |a Surrealismo  |9 265502 
700 |a Bartoletti, Tomás   |e traductor  |9 883652 
942 |c BK  |2 ddc 
945 |d 20120711 00:00:00  |a cmena 
952 |0 0  |1 0  |4 0  |6 701_180000000000000_BUR_2009  |7 0  |8 R  |9 450252  |a BIBART  |b BIBART  |d 2019-11-22  |i 4882466  |l 5  |o 701.18 BUR 2009  |p 4882466  |q 2025-07-31  |r 2025-04-10  |s 2025-04-10  |w 2019-11-22  |y BK_R  |k ART 
952 |0 0  |1 0  |2 ddc  |4 0  |6 701_180000000000000_BUR_2009  |7 0  |8 R  |9 590750  |a BIBEDU  |b BIBEDU  |c MCIRC  |d 2023-07-10  |e 3  |g 33513.00  |i 5657947  |l 3  |m 4  |o 701.18 BUR 2009  |p 5657947  |r 2025-03-20  |s 2025-03-18  |t 2  |v 33513.00  |w 2023-07-10  |y BK_R  |k LIT 
952 |0 0  |1 0  |2 ddc  |4 0  |6 701_180000000000000_BUR_2009  |7 0  |8 R  |9 590751  |a BIBEDU  |b BIBEDU  |c MCIRC  |d 2023-07-10  |e 3  |g 33513.00  |i 5657948  |o 701.18 BUR 2009  |p 5657948  |r 2023-07-10  |t 3  |v 33513.00  |w 2023-07-10  |y BK_R  |k LIT